Statistics for Flags of Europe in 1880

Click here to take the quiz!

General Stats

  • This quiz has been taken 253 times
  • The average score is 23 of 25

Answer Stats

Answer% Correct
Belgium
100%
Denmark
100%
France
100%
Italy
100%
Netherlands
100%
Spain
100%
Switzerland
100%
United Kingdom
100%
Austria-Hungary
99%
Luxembourg
99%
Norway
99%
Romania
99%
Sweden
99%
Bulgaria
98%
Germany
98%
Ottoman Empire
96%
San Marino
94%
Portugal
91%
Greece
89%
Montenegro
89%
Serbia
86%
Russia
80%
Liechtenstein
78%
Andorra
70%
Monaco
60%

Score Distribution

Percentile by Number Answered

Percent of People with Each Score

Your Score History

You have not taken this quiz